Statistics for 5 Largest cities in Sudan

Click here to take the quiz!

General Stats

  • This quiz has been taken 150 times
  • The average score is 3 of 5

Answer Stats

PopulationAnswer% Correct
2,090,001Khartoum
100%
489,725Port Sudan
79%
2,395,159Omdurman
51%
1,626,638Khartoum North
30%
565,734Nyala
27%

Score Distribution

Percentile by Number Answered

Percent of People with Each Score

Your Score History

You have not taken this quiz